000 00627nam a2200193 a 4500
005 20140412111411.0
008 070215s19uu xx 00 eng d
020 _a81-207-2838-6
050 _aM 551.6
_bWe37 2006
100 _aGilbert, Miguel Angel
245 _aWeather (The living planet) /
_cMiguel Angel Gilbert.
260 _aIndia :
_bSterling press private limited,
_c2006.
300 _a32
440 _aThe living planet
500 _aIncludes index
520 _aPresents information on various aspects of weather, its forecasting and its effects
650 _aWeather -Juvenile literature
999 _c105696
_d105696